| 000 | 00401nam a22001217a 4500 | ||
|---|---|---|---|
| 082 | _a220 PRO | ||
| 100 |
_aMaham Nadeem Umar Sajjad Faizan Aziz Hammad Shaikh _970749 |
||
| 245 | _aPR-SOF-1506-LINEAR-ELECTROCUTANEOUS REFRESHABLE BRAILLE DISPLAY | ||
| 260 |
_aISLAMABAD _bNUST COLLEGE OF EME _c2016 |
||
| 650 |
_aDE-MTS-34 _970750 |
||
| 700 |
_aAsst. Prof. Nida Aziz Dr. Umer Izhar _970751 |
||
| 942 | _cCR | ||
| 999 |
_c577642 _d577642 |
||